The tough minded optimist (Record no. 4762)

MARC details
000 -LEADER
fixed length control field 00748cam a22003134a 4500
001 - CONTROL NUMBER
control field
003 - CONTROL NUMBER IDENTIFIER
control field OSt
005 - DATE AND TIME OF LATEST TRANSACTION
control field 20220107122802.0
008 - FIXED-LENGTH DATA ELEMENTS--GENERAL INFORMATION
fixed length control field 021108s2003 nyu 000 0 eng
010 ## - LIBRARY OF CONGRESS CONTROL NUMBER
LC control number
020 ## - INTERNATIONAL STANDARD BOOK NUMBER
International Standard Book Number 9780743234887
040 ## - CATALOGING SOURCE
Original cataloging agency
Transcribing agency IIITMK
Modifying agency
042 ## - AUTHENTICATION CODE
Authentication code
050 00 - LIBRARY OF CONGRESS CALL NUMBER
Item number
082 00 - DEWEY DECIMAL CLASSIFICATION NUMBER
Classification number 170 VIN/T
Edition number
100 1# - MAIN ENTRY--PERSONAL NAME
Personal name Peale, Norman Vincent
Dates associated with a name
9 (RLIN) 7221
245 14 - TITLE STATEMENT
Title The tough minded optimist
Statement of responsibility, etc. Norman Vincent Peale.
250 ## - EDITION STATEMENT
Edition statement
260 ## - PUBLICATION, DISTRIBUTION, ETC.
Place of publication, distribution, etc. New York,
Name of publisher, distributor, etc. Fireside Book,
Date of publication, distribution, etc. 2003.
300 ## - PHYSICAL DESCRIPTION
Extent 246 p.
Dimensions
650 #0 - SUBJECT ADDED ENTRY--TOPICAL TERM
Topical term or geographic name entry element OPTIMIST
9 (RLIN) 7222
650 #0 - SUBJECT ADDED ENTRY--TOPICAL TERM
Topical term or geographic name entry element CONDUCT OF LIFE
9 (RLIN) 7223
650 #0 - SUBJECT ADDED ENTRY--TOPICAL TERM
Topical term or geographic name entry element PHYLOSOPHY
9 (RLIN) 7224
650 #0 - SUBJECT ADDED ENTRY--TOPICAL TERM
Topical term or geographic name entry element TOUGH MINDED OPTIMIST
9 (RLIN) 7225
856 42 - ELECTRONIC LOCATION AND ACCESS
Materials specified
856 42 - ELECTRONIC LOCATION AND ACCESS
Materials specified
942 ## - ADDED ENTRY ELEMENTS (KOHA)
Source of classification or shelving scheme Dewey Decimal Classification
Koha item type Books
Holdings
Withdrawn status Lost status Source of classification or shelving scheme Damaged status Not for loan Collection code Home library Current library Shelving location Date acquired Cost, normal purchase price Total Checkouts Total Renewals Full call number Barcode Date last seen Date last checked out Price effective from Koha item type
    Dewey Decimal Classification     Fiction Kerala University of Digital Sciences, Innovation and Technology Knowledge Centre Kerala University of Digital Sciences, Innovation and Technology Knowledge Centre Psychology 08/06/2015 224.00 4 1 170 VIN/T 4182 11/07/2025 20/02/2025 08/06/2015 Books